Statistics for Kpop Group Quiz

Click here to take the quiz!

General Stats

  • This quiz has been taken 410 times
  • The average score is 33 of 80

Answer Stats

HintAnswer% Correct
JisooBlackpink
100%
RMBTS
100%
BangchanStrayKids
98%
YejiItzy
95%
KarinaAespa
93%
JihyoTwice
92%
WonyoungIVE
90%
S.CoupsSeventeen
90%
JungwonEnhypen
88%
SuhoExo
86%
SanAteez
84%
SolarMamamoo
82%
MinjiNewjeans
82%
TaeyongNCT
81%
G-DragonBigBang
80%
SoyeonGidle
78%
ChaewonLesserafim
78%
Jay BGot7
71%
FatouBlackSwan
69%
KeehoP1harmony
68%
HaewonNmixx
66%
OnewShinee
66%
ShownuMonstaX
63%
BMKard
62%
BobbyIkon
60%
SoobinTomorrowxTogether
57%
EunbiIzone
56%
NattyKissOfLife
53%
Choi YujinKep1er
52%
Tae-yeonSNSD
51%
ShotaroRiize
49%
JinJinAstro
48%
SuminStayC
48%
HyunsukTreasure
47%
SangyeonTheBoyz
46%
KunWayV
46%
SihyeonEverglow
44%
jiUDreamcatcher
39%
HanbinZerobaseone
37%
Saeromfromis_9
34%
JoohyunRedVelvet
32%
JaehyunBoyNextDoor
31%
SerimCravity
31%
Harua&team
28%
JurinXG
27%
SeohoOneus
26%
ChorongApink
24%
SuhyeonBillie
21%
MinjaeXikers
21%
InseongSf9
20%
BXCix
19%
SaenaFiftyFifty
19%
GoeunPurpleKiss
19%
Castle JMCND
18%
YeeunWonderGirls
18%
WoongAb6ix
16%
BaekhynSuperM
16%
HyojungOhMyGirl
15%
YooyeontripleS
12%
GunilXdinaryHeros
12%
Myoungho8turn
11%
JinnySecretNumber
11%
JunhyukMirae
10%
JaehanOmegaX
10%
KBOnlyOneOf
10%
SongsunTri.be
10%
WishEpex
9%
HyunjinLoossemble
9%
E.JiIChillin
8%
SiuMave
8%
TaehunTNX
8%
DaehyeonWei
8%
JinsuLun8
5%
E.shaX:in
5%
JinhwaBlitzers
4%
ChunjiTeenTop
4%
HavitTrendz
4%
DaeyunSuperkind
2%
HyunsikXodiac
2%
WooahCraxy
1%

Score Distribution

Percentile by Number Answered

Percent of People with Each Score

Your Score History

You have not taken this quiz